000 00720nas a2200253 4500
001 BR7306869
003 BR-BrBNA
005 20231205082627.0
007 ta
008 230509b bl.|||p| |||| 00| 00por d
040 _aBR-BrBNA
_bpor
_cBiblioteca Nacional de Agricultura
041 _a(Pt)
072 _aH60
100 1 _aGoncalves, C.A.
100 1 _aPimentel, D.M.
100 1 _aSantos Filho, B.G. dos
245 1 _aPlantas invasoras de pastagens do Estado do Para [Brasil]
650 _aERVA DANINHA
650 _aPASTAGEM
650 _aPARA
773 0 _tBoletim Tecnico do IPEAN (Brazil)
_x
_g(Nov 1974), (no. 62) p. 25-37
_wBR7306869
909 _a202311
_bLúcia
_c55
_dLúcia Elande
942 _2AGRIS
_n0
_cANA
999 _c93346
_d93346